Applied Numerical Analysis
Sparad:
| Huvudupphovsmän: | , |
|---|---|
| Materialtyp: | Bok |
| Språk: | engelska |
| Publicerad: |
Reading
Addison-Wesley
1984
|
| Upplaga: | 3a. ed |
| Ämnen: | |
| Taggar: |
Lägg till en tagg
Inga taggar, Lägg till första taggen!
|
MARC
| LEADER | 00000nam a2200000 a 4500 | ||
|---|---|---|---|
| 001 | UCH2757 | ||
| 003 | CL-VaPUC | ||
| 008 | 090624e19840000US |||||||||||||||||eng|d | ||
| 020 | |a 0201115778 | ||
| 082 | 0 | 4 | |a 519.4 |b GER |2 21 |
| 100 | |a Gerald, Curtis F |e author |9 596824 | ||
| 700 | 0 | |a Wheatley, Patrick O |e author |9 537780 | |
| 245 | 1 | 0 | |a Applied Numerical Analysis |
| 250 | |a 3a. ed | ||
| 300 | |a 579 p | ||
| 942 | |c BK | ||
| 945 | |d 20090624 00:00:00 |a dcastane | ||
| 260 | |a Reading |b Addison-Wesley |c 1984 | ||
| 650 | 0 | |a Análisis numérico |9 259387 | |
| 650 | 0 | |a Ecuaciones |9 260137 | |
| 650 | 0 | |a Álgebra lineal |9 260445 | |
| 650 | 7 | |a FUNCIONES DERIVADAS |2 CL-VaPUC |9 537781 | |
| 650 | 0 | |a Programación lineal |9 23 | |
| 583 | |a last modification |c 20140821 04:07:43 |k Rodrigo Vera | ||
| 999 | |c 334456 |d 334454 | ||
| 952 | |0 0 |1 0 |4 0 |6 519_400000000000000_GER_1984 |7 0 |8 A |9 423510 |a BIBCUR |b BIBCUR |d 2019-11-22 |i 4564782 |o 519.4 GER 1984 |p 4564782 |r 2025-04-22 |w 2019-11-22 |y BK |k FIS | ||